00262nam a2200097 a 450000500170000000800410001705000180005810000180007624500280009426000420012220140414131855.0100901s19uu xx 00 eng d aFILbM85 1997 aMercier, Jean aMoses' great adventure. aManila, Philippines :bAdarna,c1997.